MDQL
is popping MORE tags! Check the
thread
!
Quizzes
Events
Quiz Creation
Community
Videos
Private Events
Remove Ads
Sign In
Join for FREE
Feedback
Dark Mode
Quiz Categories
Sports
Geography
Music
Movies
Television
Just For Fun
Miscellaneous
History
Literature
Language
Science
Gaming
Entertainment
Religion
Holiday
For Kids
Quiz Lab
Recent
Popular Today
Quiz Kudos Today
Editor Picks
Curator Picks
Quizzes by...
Day
Popularity
Type
Ratings
Length
Year
Community
Subscriptions
Recent Discussions
Orange Saloon
Badges
Playlists
Quests
Create
Leaderboards
Showdown
Live 5
Trivia Bingo
Activity
Puzzle Library
Sporcle Events
Private Events
Virtual Trivia
Globe League
Become a Host
Pub Owners
SporcleCon
Opinionation
Our Games
Videos
Blog
Mobile Apps
Partnerships
Remove Ads and Go Orange
Feedback
Movies
Disney
Marvel Cinematic Universe
Movie Resume
Movie Titles
Oscar
Actor
Actress
Director
Pixar
Role
Movie Quotes
Movie Characters
Box Office
Nominee
Best Picture
Star Wars
James Bond
Horror Movies
Movies
Disney
Marvel Cinematic Universe
Movie Resume
Movie Titles
Oscar
Actor
Actress
Director
Pixar
Role
Movie Quotes
Movie Characters
Box Office
Nominee
Best Picture
Star Wars
James Bond
Horror Movies
Random Quiz
Search Sporcle
×
Quiz Lab
Quiz Lab
Movies
Cast
Type in answers that appear in a list
Type in answers that appear in a list
Classic
Best Score? Go Orange.
Rene Clair Films Cast Stats
Can you name the Rene Clair Films Cast?
By
Carnelian10
15m
177 Questions
8 Plays
8 Plays
8 Plays
Comments
Comments
Give Quiz Kudos
Give Quiz Kudos
-
- Ratings
hide this ad
Replay
Link that replays current quiz
Next Quiz
Link to next quiz in quiz playlist
You Got
0%
They Got
Avg Score
29%
Avg Friend Score
Upgrade to see
Score Distribution
Jump to the score distribution portion of the page
Score
0/177
Timer
15:00
0
Plays Today
Hint
Answer
% Correct
Under the Roofs of Paris (1930)
Gaston Modot
62.5%
Break the News (1938)
Maurice Chevalier
62.5%
Mad About Town (1947)
Maurice Chevalier
62.5%
Beauty and the Devil (1950)
Gerard Philipe
62.5%
Beauties of the Night (1952)
Gerard Philipe
62.5%
The Grand Maneuver (1955)
Gerard Philipe
62.5%
Mad About Town (1947)
Gaston Modot
62.5%
Beauty and the Devil (1950)
Gaston Modot
62.5%
At 3:25 (1924)
Albert Prejean
50%
At 3:25 (1924)
Madeleine Rodrigue
50%
The Phantom of the Moulin-
Rouge (1925)
Albert Prejean
50%
The Phantom of the Moulin-
Rouge (1925)
Sandra Milovanoff
50%
The Phantom of the Moulin-
Rouge (1925)
Paul Ollivier
50%
The Phantom of the Moulin-
Rouge (1925)
Madeleine Rodrigue
50%
The Imaginary Voyage (1926)
Albert Prejean
50%
The Imaginary Voyage (1926)
Jim Gerald
50%
The Prey of the Wind (1927)
Sandra Milovanoff
50%
The Horse Ate The Hat (1928)
Albert Prejean
50%
The Horse Ate The Hat (1928)
Paul Ollivier
50%
Two Timid Souls (1928)
Jim Gerald
50%
Under the Roofs of Paris (1930)
Albert Prejean
50%
Under the Roofs of Paris (1930)
Pola Illery
50%
Under the Roofs of Paris (1930)
Paul Ollivier
50%
Le Million (1931)
Paul Ollivier
50%
A Nous la Liberte (1931)
Raymond Cordy
50%
A Nous la Liberte (1931)
Paul Ollivier
50%
July 14 (1933)
Raymond Cordy
50%
July 14 (1933)
Paul Ollivier
50%
The Last Billionaire (1934)
Raymond Cordy
50%
The Ghost Goes West (1935)
Robert Donat
50%
The Flame of New Orleans (1941)
Roland Young
50%
The Flame of New Orleans (1941)
Mischa Auer
50%
I Married a Witch (1942)
Susan Hayward
50%
And Then There Were None (1945)
Louis Hayward
50%
And Then There Were None (1945)
Roland Young
50%
Beauty and the Devil (1950)
Simone Valere
50%
Love and the Frenchwoman (1960) (segment 'Le Mariage')
Claude Rich
50%
All the Gold in the World (1961)
Claude Rich
50%
And Then There Were None (1945)
Mischa Auer
50%
The Phantom of the Moulin-
Rouge (1925)
Maurice Schutz
50%
The Imaginary Voyage (1926)
Maurice Schutz
50%
The Imaginary Voyage (1926)
Paul Ollivier
50%
The Prey of the Wind (1927)
Jim Gerald
50%
The Horse Ate The Hat (1928)
Jim Gerald
50%
Le Million (1931)
Raymond Cordy
50%
July 14 (1933)
Pola Illery
50%
Mad About Town (1947)
Raymond Cordy
50%
Mad About Town (1947)
Paul Ollivier
50%
Beauty and the Devil (1950)
Raymond Cordy
50%
Beauty and the Devil (1950)
Paolo Stoppa
50%
Beauties of the Night (1952)
Paolo Stoppa
50%
Beauties of the Night (1952)
Raymond Cordy
50%
The Grand Maneuver (1955)
Claude Rich
50%
The Grand Maneuver (1955)
Simone Valere
50%
Entr'acte (1924)
Jean Brolin
37.5%
The Imaginary Voyage (1926)
Jean Borlin
37.5%
Le Million (1931)
Annabella
37.5%
Le Million (1931)
Rene Lefevre
37.5%
July 14 (1933)
Annabella
37.5%
Hint
Answer
% Correct
Mad About Town (1947)
Dany Robin
37.5%
Beauty and the Devil (1950)
Michel Simon
37.5%
Beauties of the Night (1952)
Raymond Bussieres
37.5%
The Gates of Paris (1957)
Dany Carrel
37.5%
The Gates of Paris (1957)
Raymond Bussieres
37.5%
Love and the Frenchwoman (1960) (segment 'Le Mariage')
Yves Robert
37.5%
Love and the Frenchwoman (1960) (segment 'Le Mariage')
Jacques Fabbri
37.5%
All the Gold in the World (1961)
Alfred Adam
37.5%
Three Fables of Love (1962) (segment 'Les deux pigeons')
Raymond Bussieres
37.5%
The Lace Wars (1965)
Alfred Adam
37.5%
The Grand Maneuver (1955)
Jacques Fabbri
37.5%
The Grand Maneuver (1955)
Yves Robert
37.5%
The Grand Maneuver (1955)
Dany Carrel
37.5%
At 3:25 (1924)
Henri Rolfan
25%
At 3:25 (1924)
Charles Martinelli
25%
The Phantom of the Moulin-
Rouge (1925)
Georges Vaultier
25%
The Imaginary Voyage (1926)
Dolly Davis
25%
The Prey of the Wind (1927)
Charles Vanel
25%
The Prey of the Wind (1927)
Jean Murat
25%
The Prey of the Wind (1927)
Lillian Hall-Davis
25%
The Horse Ate The Hat (1928)
Geymond Vital
25%
The Horse Ate The Hat (1928)
Olga Tschechowa
25%
The Horse Ate The Hat (1928)
Alex Allin
25%
Two Timid Souls (1928)
Pierre Batcheff
25%
Two Timid Souls (1928)
Vera Flory
25%
Two Timid Souls (1928)
Francoise Rosay
25%
Under the Roofs of Paris (1930)
Edmond T. Greville
25%
Le Million (1931)
Jean-Louis Allibert
25%
A Nous la Liberte (1931)
Henri Marchand
25%
A Nous la Liberte (1931)
Rolla France
25%
The Ghost Goes West (1935)
Jean Parker
25%
Break the News (1938)
Marta Labarr
25%
The Flame of New Orleans (1941)
Marlene Dietrich
25%
The Flame of New Orleans (1941)
Bruce Cabot
25%
The Flame of New Orleans (1941)
Andy Devine
25%
I Married a Witch (1942)
Frederic March
25%
I Married a Witch (1942)
Veronica Lake
25%
I Married a Witch (1942)
Cecil Kellaway
25%
I Married a Witch (1942)
Robert Benchley
25%
Mad About Town (1947)
Francois Perier
25%
Mad About Town (1947)
Marceille Derrien
25%
Mad About Town (1947)
Robert Pizani
25%
Beauty and the Devil (1950)
Carlo Ninchi
25%
Beauties of the Night (1952)
Martine Carol
25%
The Grand Maneuver (1955)
Michele Morgan
25%
The Gates of Paris (1957)
Pierre Brasseur
25%
Love and the Frenchwoman (1960) (segment 'Le Mariage')
Marie-Jose Nat
25%
All the Gold in the World (1961)
Colette Castel
25%
The Lace Wars (1965)
Jean-Pierre Cassel
25%
Le Million (1931)
Vanda Greville
25%
Mad About Town (1947)
Roland Armontel
25%
Beauty and the Devil (1950)
Nicole Besnard
25%
Entr'acte (1924)
Inge Friss
12.5%
Two Timid Souls (1928)
Maurice de Feraudy
12.5%
Le Million (1931)
Constantin Siroceso
12.5%
A Nous la Liberte (1931)
Jacques Shelly
12.5%
July 14 (1933)
George Rigaud
12.5%
The Last Billionaire (1934)
Max Dearly
12.5%
The Last Billionaire (1934)
Marthe Mellot
12.5%
Hint
Answer
% Correct
The Last Billionaire (1934)
Renee Saint-Cyr
12.5%
The Last Billionaire (1934)
Charles Redgie
12.5%
The Ghost Goes West (1935)
Eugene Pallette
12.5%
The Ghost Goes West (1935)
Elsa Lanchester
12.5%
The Ghost Goes West (1935)
Ralph Bunker
12.5%
Break the News (1938)
Jack Buchanan
12.5%
Break the News (1938)
June Knight
12.5%
Break the News (1938)
Gertrude Musgrove
12.5%
Forever and a Day (1943) (segment '1897')
Anna Neagle
12.5%
Forever and a Day (1943) (segment '1897')
Charles Laughton
12.5%
Forever and a Day (1943) (segment '1897')
Claude Rains
12.5%
Forever and a Day (1943) (segment '1897')
Jessie Matthews
12.5%
It Happened Tomorrow (1944)
Dick Powell
12.5%
It Happened Tomorrow (1944)
Linda Darnell
12.5%
It Happened Tomorrow (1944)
Jack Oakie
12.5%
It Happened Tomorrow (1944)
Edgar Kennedy
12.5%
It Happened Tomorrow (1944)
Edward Brophy
12.5%
And Then There Were None (1945)
Barry Fitzgerald
12.5%
And Then There Were None (1945)
Walter Huston
12.5%
And Then There Were None (1945)
June Duprez
12.5%
Beauties of the Night (1952)
Gina Lollobrigida
12.5%
Beauties of the Night (1952)
Magali Vendeuil
12.5%
Beauties of the Night (1952)
Marilyn Buferd
12.5%
The Grand Maneuver (1955)
Jean Desailly
12.5%
The Grand Maneuver (1955)
Pierre Dux
12.5%
The Grand Maneuver (1955)
Lise Delamare
12.5%
The Gates of Paris (1957)
George Brassens
12.5%
The Gates of Paris (1957)
Henri Vidal
12.5%
All the Gold in the World (1961)
Bourvil
12.5%
All the Gold in the World (1961)
Philippe Noiret
12.5%
Three Fables of Love (1962) (segment 'Les deux pigeons')
Charles Aznavour
12.5%
Three Fables of Love (1962) (segment 'Les deux pigeons')
Leslie Caron
12.5%
The Lace Wars (1965)
Philippe Avron
12.5%
The Lace Wars (1965)
Marie Dubois
12.5%
The Lace Wars (1965)
Genevieve Casile
12.5%
The Lace Wars (1965)
Jean Richard
12.5%
The Lace Wars (1965)
Gyorgy Kovacs
12.5%
And Then There Were None (1945)
Queenie Leonard
12.5%
And Then There Were None (1945)
C. Aubrey Smith
12.5%
And Then There Were None (1945)
Judith Anderson
12.5%
And Then There Were None (1945)
Richard Haydn
12.5%
The Phantom of the Moulin-
Rouge (1925)
Jose Davert
12.5%
Break the News (1938)
Felix Aylmer
12.5%
It Happened Tomorrow (1944)
John Philliber
12.5%
Beauties of the Night (1952)
Bernard La Jarrige
12.5%
The Grand Maneuver (1955)
Brigitte Bardot
12.5%
The Grand Maneuver (1955)
Jacques Francois
12.5%
The Grand Maneuver (1955)
Magali Noel
12.5%
The Grand Maneuver (1955)
Jacqueline Maillan
12.5%
The Grand Maneuver (1955)
Catherine Anouilh
12.5%
The Gates of Paris (1957)
Gabrielle Fontan
12.5%
All the Gold in the World (1961)
Annie Fratellini
12.5%
All the Gold in the World (1961)
Francoise Dorleac
12.5%
All the Gold in the World (1961)
Max Eloy
12.5%
Forever and a Day (1943) (segment '1897')
Claud Allister
12.5%
Forever and a Day (1943) (segment '1897')
Buster Keaton
12.5%
Forever and a Day (1943) (segment '1897')
Edward Everett Horton
12.5%
Forever and a Day (1943) (segment '1897')
Daphne Moore
12.5%
July 14 (1933)
Raymond Amos
0%
Quiz Playlist
Details
Report
Send in Message
Add To Playlist
Classic:
Type in answers that appear in a list
Last Updated: Feb 16, 2017
Quiz Scoreboard
CHALLENGE
Sign Up to Join the Scoreboard
Show All
Scores
Hide
Comments
May contain spoilers
Recently Published
5x2 Blitz: Bands
by SL_Kpop136
Music
30s
Colored Red Africa Blitz
by spor1
Geography
30s
Find the 'City' Movie
by crazypaving
Movies
60s
More to Explore
Quiz From the Vault
Featured Blog Post
14 Easter Pick-up Lines to Find Eggs With
hide this ad
You Might Also Like...
Tags
Cast Quiz
Today's Top Quizzes in Movies
Browse Movies
hide this ad
Today's Top Quizzes in Cast
Browse Cast
Top Contributed Quizzes in Movies
1
Find The 'Big' Movie
2
Find The 'Wild' Movie
3
Find The 'Blue' Movie
4
Movies By Plot
5
Hidden Star Wars Character II
6
Pick 5 Posters: Directed by Spielberg
7
Hidden Star Wars Character III
8
The ultimate James Bond movie quiz
9
Hidden Star Wars Character IV
10
25 Best Actor Nominees (1990s)
Explore More
Trending Topics
Kpop
Marvel
Anime
NBA
Disney
Harry Potter
Crossword
Country
NFL
WWE
Soccer
Song
The Office
Puzzle
Pokémon
hide this ad
More By:
Carnelian10
Quiz
Plays
Rating
Category
Featured
Created
Classic Carry On Films & TV Cast (1958-1969)
1,786
4.00
Movies
Apr 5, 2016
Classic Carry On Films & TV Cast (1970-1992)
1,368
5.00
Movies
Jun 4, 2016
Casts of the Official James Bond Films
1,129
5.00
Movies
Jun 20, 2016
Hammer Studios Horror Films
756
5.00
Movies
Feb 10, 2016
Alfred Hitchcock Films Cast
619
5.00
Movies
Jun 8, 2016
Go to Creator's Profile
Score Distribution
Quiz Creator Spotlight
Carnelian10
Follow
Send a Message
Quizzes Created
-
Created Quiz Play Count
-
More By This Creator
Popular Quizzes Today
1
Colored Red Africa Blitz
2
Find the 'City' Movie
3
Find the US States - No Outlines Minefield
4
5x2 Blitz: Bands
5
The Countries of the World
6
Find the US States
7
US States
8
Find the Countries of Europe - No Outlines Minefield
More Movies Quizzes
MCU Ending Locations
Editor's Pick
Trending Quizzes
Colored Red Europe Blitz I
Colored Red Africa Blitz II
Colored Red Europe Blitz II
Colored Red Europe Blitz III
Colored Red Africa Blitz III
Recently Updated
How Do You Spell That?
pecheneg
Godzilla Movies
pecheneg
Grab Bag: 4-10 Letters
pecheneg
2024 March Madness Bracket
pecheneg
Famous TV Couples
Peacemaker
Champions League XIs: Real Madrid
pecheneg
Largest US Cities 1790-2010
pecheneg
Rides in Walt Disney World
pecheneg
Most Oscar Losses (Acting)
pecheneg
Beyoncé Albums
pecheneg
Trending Topics
Disney
Marvel
Anime
Crossword
NBA
Harry Potter
Kpop
Puzzle
Country
Pokémon
NFL
The Office
WWE
Soccer
Song
Your Account Isn't Verified!
In order to create a playlist on Sporcle, you need to verify the email address you used during registration. Go to your
Sporcle Settings
to finish the process.
Report this User
Report this user for behavior that violates our
Community Guidelines
.
Details:
Send Report
Go to the Sporcle.com Mobile Site →
Comments